| 000 | 00819cam a2200193 4500 | ||
|---|---|---|---|
| 001 | WB3704-18 | ||
| 008 | 000000n2001 000 0 eng u | ||
| 035 | _a(Sirsi) u110569 | ||
| 245 | _aHooper and others v Gorvin | ||
| 260 | _c2001 | ||
| 490 |
_aEstates Gazette Case Summaries _v[2001] EGCS 1 (20/01/01) |
||
| 520 | _aCD 7 December 2000. Case involving the role of fiduciary. Lessees of different units on industrial estate learnt that freehold was up for sale. H authorised G to negotiate with freeholder on their behalf. H bought the freehold on his own account: H alleged that the freehold was held by G on trust. Claim allowed. | ||
| 590 | _aWB | ||
| 650 | _aFIDUCIARY DUTIES | ||
| 650 | _aFREEHOLD | ||
| 650 | _aHOOPER AND OTHERS V GORVIN | ||
| 690 | _aLANDLORD AND TENANT-LEASES-CASE LAW | ||
| 942 | _n0 | ||
| 999 |
_c65909 _d65909 |
||